TOP 50 Clubs avec le + de supporters en Europe - Statistiques

Statistiques générales
  • Ce quiz a été pris 344 fois
  • Le résultat moyen est 29 sur 50
Statistiques - réponses
Rang Clubs TOTAL en millions % Correct
4 Paris SG 187
99%
1 Real Madrid 363
99%
2 Barcelone FC 342
98%
22 Olympique de Marseille 18,3
97%
7 Manchester City 131
96%
35 Bayer Leverkusen 8,1
95%
3 Manchester United 206
95%
8 Liverpool 131
93%
14 Dortmund 46,8
89%
13 Inter Milan 54,6
89%
5 Juventus 144
89%
10 Arsenal 93,7
87%
6 Chelsea 134
84%
9 Bayern Munich 127
82%
15 Atletico Madrid 45,1
81%
27 Olympique Lyonnais 11,1
81%
11 Tottenham 83,6
76%
18 AS Roma 29,3
73%
28 FC Seville 10,2
73%
19 Ajax 23,1
67%
12 Milan AC 61,2
67%
23 Naples 15,8
66%
31 Benfica 9,6
65%
20 AS Monaco 20,8
64%
24 Aston Villa 13,3
59%
41 Sporting Lisbonne 6,3
57%
32 Valence 9,3
55%
26 West Ham 12,2
53%
29 Newcastle 9,9
50%
36 Betis Seville 8,1
49%
47 RB Leipzig 5
49%
16 Galatasaray 40,1
48%
42 Athletic Bilbao 6,1
47%
25 Everton 12,5
45%
37 Real Sociedad 7,9
41%
21 Leicester 20,5
40%
40 Villareal 6,3
40%
30 FC Porto 9,7
35%
44 Crystal Palace 5,4
32%
48 Brighton 4,9
28%
49 Leeds 4,9
27%
50 Lille OSC 4,4
27%
43 Schalke 04 5,6
24%
39 Southampton 7,1
20%
17 Fenerbaçhe 29,8
17%
33 Wolverhampton 9,3
17%
34 Zenit st petersbourg 8,2
14%
45 Celta Vigo 5,2
8%
46 Watford 5,1
6%
38 Almeria 7,1
2%
Aucun quiz correspondant
Distribution des résultats
% des personnes avec chaque résultat
Percentile par nombre de réponses
Votre historique - résultats
Vous n’avez pas pris ce quiz